| 000 | 01057nam a22002297a 4500 | ||
|---|---|---|---|
| 005 | 20250408142745.0 | ||
| 008 | 250408b |||||||| |||| 00| 0 eng d | ||
| 020 | _a978-93-92516-78-8 (hbk) | ||
| 037 | _cTB | ||
| 040 |
_aCRL _cCRL |
||
| 041 |
_2hin _ahin |
||
| 084 |
_aQ2v R4 _qCRL |
||
| 245 | _aहिन्दू धर्म का इतिहास एवं सिद्धांत | ||
| 260 |
_aनयी दिल्ली, भारत: _bयूनिवर्सिटी पब्लिकैशन, _c2024. |
||
| 300 | _a281पृ0 | ||
| 365 |
_b1600.00 _cINR |
||
| 490 | _aहिंदुत्व: धर्म एक दर्शन - 1 | ||
| 650 | _aहिन्दूधर्म | ||
| 700 | _aदुबे, सुरेन्द्र (संपादक) | ||
| 942 |
_2CC _cTB _hQ2 R4 _n0 |
||
| 999 |
_c1308533 _d1308533 |
||